Top 5 Songs On After Hours (The Weeknd) - Statistics

General Stats
  • This quiz has been taken 36 times
  • The average score is 4 of 5
Answer Stats
Hint Answer % Correct
3,489,825,656 Blinding Lights
100%
594,294,786 After Hours
92%
1,445,598,401 Save Your Tears
88%
680,648,552 Heartless
77%
793,091,230 In Your Eyes
73%
No matching quizzes found
Score Distribution
Percent of People with Each Score
Percentile by Number Answered
Your Score History
You have not taken this quiz